Cultura Geral - Statistics

Estatísticas Gerais
  • Esse quiz foi jogado 19 vezes
  • A pontuação média é 8 de 15
Estatísticas das Respostas
Hint Resposta % Correto
Em que país podemos encontrar a cidade La Paz? Bolívia
94%
Que elemento corresponde ao símbolo Fe? Ferro
94%
Em que país podemos encontrar a cidade Quioto? Japão
88%
Em que país podemos encontrar a cidade Quito? Equador
81%
Qual é o maior rio da América do Norte? Mississippi
63%
Em que país fica a praia Islantilla? Espanha
56%
Qual vilão da Marvel é conhecido por ser capaz de controlar o metal? Magneto
56%
Se você está comendo tripas, que parte de um animal você está comendo? Estômago
44%
Que período veio antes do Jurássico? Triássico
44%
Com quem Diana Ross cantou um dueto na música "Endless Love"? Lionel Richie
38%
Em que mar ficam as Ilhas Baleares? Mediterrâneo
38%
Qual filme apresentou a música "Take My Breath Away"? Top Gun
38%
Em que país podemos encontrar a sede da empresa Vodafone? Reino Unido
31%
Para qual música Olivia Newton-John filmou um vídeo com tema de exercícios? Physical
13%
Que grande cidade fica perto da confluência dos rios Missouri e Mississippi? St. Louis
0%
Nenhum quiz correspondente encontrado
Distribuição das Pontuações
Porcentagem de Pessoas com Cada Pontuação
Percentil de Números Respondidos
Sua Pontuação Histórica
Você não jogou esse quiz